000 00280nam a22001217a 4500
041 _aENG
100 _aTyra .M
245 _aMagical Book Quicker Maths
260 _aDelhi
_bBSc Pub Co.Pvt
_c1995
300 _a807
650 _aCompetitlve Exam
856 _uCompetitlve Exam ( 36 )
999 _c903
_d903